000 01167nam a2200325 a 4500
005 20240805094416.0
008 100623e2003||||sp a f |||| 001 0 spa d
020 _a8479035315
041 _aspa
092 _c611.022
_l69
_sPUT
100 1 _aPutz, Reinhard V.
_eEd.
_91178
245 _aSobotta. Atlas de Anatomía Humana.
_bT.1 Cabeza, Cuello y Miembro Superior /
_cReinhard V. Putz
250 _a21 a ed. 3a reimp. en español
_bTraducción Alfonso Llamas ; José Luís Velayos e Ignacio Navascués.
260 _aMadrid:
_bEditorial Médica Panamericana;
_c2003.
300 _a428 p.
_b683 ilustraciones ; 76 cuadros
500 _aPutz, R., Pabst, R. (Eds.) y Putz, R. (Col.). (2003). Sobotta. Atlas de anatomía humana. T.1 Cabeza, Cuello y Miembro Superior. (21a ed.). Madrid : Editorial Médica Panamericana.
653 _aAnatomía general
653 _aCabeza y cuello
653 _aMiembro superior
653 _aEncéfalo
653 _aOjo
653 _aOído
700 1 _aPabst, Reinhard.
_eEd.
_91179
700 1 _aPutz, Renate.
_eCol.
_94090
930 _a579
930 _a581
930 _a1634
930 _a580
942 _2ddc
_cBK
999 _c3189
_d3189